Знаменитые люди по имени Алексей - Statistics

General Stats
  • This quiz has been taken 158 times
    66 since last reset
  • The average score is 6 of 18
Answer Stats
Подсказка Ответ % Correct
Политический деятель и создатель «Фонда борьбы с коррупцией» Алексей {Навальный}
78%
Первый человек в мире, вышедший в открытый космос Алексей {Леонов}
72%
Второй русский царь из династии Романовых Алексей {Михайлович}
64%
Кинорежиссер, снявший фильмы «Брат» и «Про уродов и людей» Алексей {Балабанов}
58%
Автор романа «Аэлита» и сказки «Золотой ключик, или Приключения Буратино» Алексей {Толстой}
48%
Актёр, снявшийся в фильмах «Звезда» и «Жмурки» Алексей {Панин}
48%
Олимпийский чемпион, четырёхкратный чемпион мира, трёхкратный чемпион Европы по фигурному катанию Алексей {Ягудин}
38%
Главный редактор радиостанции «Эхо Москвы» Алексей {Венедиктов}
36%
Полузащитник итальянского футбольного клуба «Аталанта» и сборной России Алексей {Миранчук}
34%
Председатель правления и заместитель председателя совета директоров ПАО «Газпром» Алексей {Миллер}
32%
Журналист и создатель YouTube-канала «Редакция» Алексей {Пивоваров}
28%
Актёр, снявшийся в фильмах «Груз 200» и «Фанат» Алексей {Серебряков}
18%
Кинорежиссер, снявший фильмы «Матильда» и «Край» Алексей {Учитель}
18%
Актёр, снявшийся в фильмах «9 рота» и «Война» Алексей {Чадов}
16%
5-й Председатель Совета министров СССР Алексей {Косыгин}
16%
Баскетболист, в составе сборной России стал обладателем бронзовых медалей Олимпийских игр и чемпионата Европы Алексей {Швед}
14%
Актёр, снявшийся в фильмах «В бой идут одни „старики“» и «Операция «Ы» и другие приключения Шурика» Алексей {Смирнов}
14%
Создатель игры «Тетрис» Алексей {Пажитнов}
12%
No matching quizzes found
Score Distribution
Percent of People with Each Score
Percentile by Number Answered
Your Score History
You have not taken this quiz since the last reset